Hospodársky vývoj Slovenska v roku 2001. (Štúdia vypracovaná na požiadanie Európskej hospodárskej komisie OSN)

Celkové hodnotenie hospodárskeho vývoja. Vývoj produkcie. Pôsobenie dopytu na výkonnosť hospodárstva. Cenový vývoj. Situácia na trhu práce. Platobná bilancia a zahraničný kapitál. Zahraničný obchod. Finančná a menová politika. Výhľad na rok 2002. Prehľad vybraných legislatívnych a hospodárskopolitic...

Ausführliche Beschreibung

Gespeichert in:
Bibliographische Detailangaben
1. Verfasser: Okáli, Ivan
Weitere Verfasser: Gabrielová, Herta, Hlavatý, Egon, Morvay, Karol, 1973-, Outrata, Richard
Format: Buchkapitel
Sprache:Slowakisch
Schlagworte:
Tags: Tag hinzufügen
Keine Tags, Fügen Sie das erste Tag hinzu!

MARC

LEADER 00000naa a2200000 4500
001 r045588
005 20240502071340.2
041 0 |a slo 
044 |a SK 
245 1 0 |a Hospodársky vývoj Slovenska v roku 2001. (Štúdia vypracovaná na požiadanie Európskej hospodárskej komisie OSN)  |c Ivan Okáli ... [et al.] 
520 |a Celkové hodnotenie hospodárskeho vývoja. Vývoj produkcie. Pôsobenie dopytu na výkonnosť hospodárstva. Cenový vývoj. Situácia na trhu práce. Platobná bilancia a zahraničný kapitál. Zahraničný obchod. Finančná a menová politika. Výhľad na rok 2002. Prehľad vybraných legislatívnych a hospodárskopolitických opatrení. 
610 2 0 |a vývoj hospodársky 
610 2 0 |a hospodárstvo národné 
610 2 0 |a Slovensko 
610 2 0 |a produkt domáci hrubý 
610 2 0 |a odvetvia činnosti ekonomickej 
610 2 0 |a dopyt 
610 2 0 |a výkonnosť 
610 2 0 |a vývoj cenový 
610 2 0 |a trh práce 
610 2 0 |a bilancia platobná 
610 2 0 |a kapitál zahraničný 
610 2 0 |a investície priame zahraničné 
610 2 0 |a obchod zahraničný 
610 2 0 |a politika finančná 
610 2 0 |a politika menová 
610 2 0 |a politika rozpočtová 
610 2 0 |a prognózy 
610 2 0 |a legislatíva 
610 2 0 |a politika hospodárska 
610 2 0 |a 2001 
100 1 |a Okáli, Ivan 
700 1 |a Gabrielová, Herta 
700 1 |a Hlavatý, Egon 
700 1 |a Morvay, Karol, 1973- 
700 1 |a Outrata, Richard